Transport phenomena

Guardat en:
Dades bibliogràfiques
Autors principals: Bird, Robert Byron (Autor), Stewart, Warren E (Autor)
Altres autors: Lightfoot, Edwin N. (autor)
Format: Llibre
Idioma:anglès
Publicat: Nueva York John Wiley 2002
Edició:2a. ed
Matèries:
Etiquetes: Afegir etiqueta
Sense etiquetes, Sigues el primer a etiquetar aquest registre!

MARC

LEADER 00000nam a2200000 a 4500
001 UCM7303
003 CL-VaPUC
008 021213e20020000US |||||||||||||||||eng|d
020 |a 0471410772 
082 0 4 |a 530.138  |b BIR  |2 21 
100 0 |a Bird, Robert Byron  |e author  |9 472851 
700 0 |a Stewart, Warren E  |e author  |9 472852 
700 |a Lightfoot, Edwin N.  |e autor  |9 472853 
245 1 0 |a Transport phenomena 
250 |a 2a. ed 
300 |a 895 p 
942 |c BK 
945 |d 20021213 00:00:00  |a vberengu 
260 |a Nueva York  |b John Wiley  |c 2002 
650 0 |a Teoría del transporte  |9 260584 
650 0 |a Fluidos  |9 259333 
650 0 |a Dinámica de fluidos  |9 260582 
650 0 |a Viscosidad  |9 260583 
583 |a last modification  |c 20021213 00:00:00  |k Rodrigo Vera 
999 |c 302150  |d 302148 
952 |0 0  |1 0  |4 0  |6 530_138000000000000_BIR_2002  |7 0  |8 A  |9 362210  |a BIBING  |b BIBING  |d 2019-11-21  |i 3845702  |l 1  |o 530.138 BIR 2002  |p 3845702  |q 2020-09-30  |r 2020-07-27  |s 2020-07-27  |w 2019-11-21  |y BK  |k EIQ 
952 |0 0  |1 0  |4 0  |6 530_138000000000000_BIR_2002  |7 0  |8 A  |9 362211  |a BIBCUR  |b BIBCUR  |d 2019-11-21  |i 4040244  |l 1  |o 530.138 BIR 2002  |p 4040244  |r 2025-04-22  |s 2025-01-07  |w 2019-11-21  |y BK  |k FIS